[Event "Ploiesti TC IND Cup op"]
[Site "Ploiesti"]
[Date "2002.10.29"]
[Round "9"]
[White "Dobre, Claudiu Cristian"]
[Black "Lazar, Iosif"]
[Result "1-0"]
[WhiteElo "2002"]
[BlackElo "2119"]
[PlyCount "67"]
[EventDate "2002.09.14"]
[EventType "swiss"]
[EventRounds "11"]
[EventCountry "ROU"]
[SourceTitle "EXT 2003"]
[Source "ChessBase"]
[SourceDate "2002.11.25"]
[SourceVersion "1"]
[SourceVersionDate "2002.11.25"]
[SourceQuality "1"]

1. d4 Nf6 2. c4 c5 3. d5 g6 4. Nc3 d6 5. e4 Bg7 6. h3 0-0 7. Bg5 a6 8. a4 h6 9. Be3 Nbd7 10. Nf3 Re8 11. Bd3 e6 12. 0-0 exd5 13. exd5 Ne5 14. Nxe5 dxe5 15. Bxc5 e4 16. Be2 Nd7 17. Bd4 f5 18. f4 Nf6 19. Qd2 Bd7 20. Nd1 b5 21. axb5 axb5 22. Rxa8 Qxa8 23. b3 Qa3 24. Qc3 Rf8 25. Ne3 bxc4 26. bxc4 Qxc3 27. Bxc3 Rc8 28. Rb1 Be8 29. Rb7 Bf7 30. Be5 Nh5 31. Bxh5 gxh5 32. Bxg7 Kxg7 33. Nxf5+ Kg6 34. Ne7+ 1-0

[Event "Ploiesti TC IND Cup op"]
[Site "Ploiesti"]
[Date "2002.10.03"]
[Round "11"]
[White "Barbu, Nicolai"]
[Black "Lazar, Iosif"]
[Result "1-0"]
[WhiteElo "2202"]
[BlackElo "2119"]
[PlyCount "47"]
[EventDate "2002.09.14"]
[EventType "swiss"]
[EventRounds "11"]
[EventCountry "ROU"]
[SourceTitle "EXT 2003"]
[Source "ChessBase"]
[SourceDate "2002.11.25"]
[SourceVersion "1"]
[SourceVersionDate "2002.11.25"]
[SourceQuality "1"]

1. e4 c5 2. Nf3 e6 3. d4 cxd4 4. Nxd4 Nf6 5. Nc3 Bb4 6. e5 Nd5 7. Bd2 Nxc3 8. bxc3 Be7 9. f4 g6 10. Bd3 d5 11. 0-0 Nc6 12. Kh1 a6 13. Qe2 Qc7 14. Rac1 Na5 15. g4 b5 16. f5 Nc4 17. Bh6 b4 18. fxe6 Bxe6 19. Nxe6 fxe6 20. Qf2 Nxe5 21. Qg3 Bd6 22. Bf4 Nc4 23. Bxc4 Bxf4 24. Rxf4 1-0

[Event "Ploiesti TC IND Cup op"]
[Site "Ploiesti"]
[Date "2002.09.28"]
[Round "8"]
[White "Lazar, Iosif"]
[Black "Dobrin, Catalin"]
[Result "1-0"]
[WhiteElo "2119"]
[BlackElo "2069"]
[PlyCount "79"]
[EventDate "2002.09.14"]
[EventType "swiss"]
[EventRounds "11"]
[EventCountry "ROU"]
[SourceTitle "EXT 2003"]
[Source "ChessBase"]
[SourceDate "2002.11.25"]
[SourceVersion "1"]
[SourceVersionDate "2002.11.25"]
[SourceQuality "1"]

1. c4 c6 2. d4 d5 3. Nd2 Nf6 4. Ngf3 Bf5 5. Nh4 Bg6 6. Nxg6 hxg6 7. e3 e6 8. Bd3 Bd6 9. h3 Nbd7 10. c5 Bc7 11. Nf3 e5 12. dxe5 Nxe5 13. Nxe5 Bxe5 14. Qc2 0-0 15. Bd2 Qe7 16. 0-0 Ne4 17. Bxe4 dxe4 18. Rad1 Rfd8 19. Ba5 Rd3 20. b3 Bc7 21. Bxc7 Qxc7 22. Rxd3 exd3 23. Qxd3 Rd8 24. Qc2 Qa5 25. a4 Rd5 26. Rc1 Qb4 27. Kf1 Rd2 28. Qc3 a5 29. Qxb4 axb4 30. Rc4 Rd5 31. Rxb4 Rxc5 32. Rxb7 Rc2 33. b4 Rb2 34. a5 f6 35. a6 Ra2 36. Rb6 Ra4 37. Rxc6 Rxb4 38. a7 Ra4 39. Rc8+ Kf7 40. a8Q 1-0

[Event "ROM-chT2"]
[Site "Sovata"]
[Date "1997.??.??"]
[Round "9"]
[White "Lazar, Iosif"]
[Black "Tufa, Mihai"]
[Result "0-1"]
[WhiteElo "2220"]
[BlackElo "2240"]
[PlyCount "92"]
[EventDate "1997.10.??"]
[EventType "team-tourn"]
[EventRounds "7"]
[EventCountry "ROU"]
[SourceTitle "EXT 2000"]
[Source "ChessBase"]
[SourceDate "1999.11.16"]
[SourceVersion "1"]
[SourceVersionDate "1999.11.16"]
[SourceQuality "1"]

1. c4 e5 2. Nc3 Nc6 3. g3 b6 4. Bg2 Bb7 5. e3 Na5 6. Bxb7 Nxb7 7. d4 exd4 8. exd4 Nf6 9. Bg5 Bb4 10. Qf3 Bxc3+ 11. bxc3 Qe7+ 12. Kf1 0-0-0 13. Kg2 Rde8 14. Nh3 Qe2 15. Bxf6 Qxf3+ 16. Kxf3 gxf6 17. Rhe1 Na5 18. Nf4 Nxc4 19. Nh5 Re6 20. Ng7 Rc6 21. Rad1 Nb2 22. Rd2 Rxc3+ 23. Re3 Rxe3+ 24. fxe3 Nc4 25. Rf2 d5 26. Ke2 Rg8 27. Nf5 Re8 28. Rf4 Re4 29. Rxe4 dxe4 30. Ne7+ Kd7 31. Nd5 f5 32. Nf6+ Ke7 33. Nd5+ Kd6 34. Nf6 b5 35. Nxh7 Ke7 36. Ng5 b4 37. h4 Kf6 38. Nh3 a5 39. Nf4 c6 40. d5 c5 41. h5 Kg5 42. Kd1 Nxe3+ 43. Kd2 Nc4+ 44. Kc2 a4 45. Kb1 Nd6 46. Kc2 c4 0-1

[Event "ROM-chT2"]
[Site "Sovata"]
[Date "1997.??.??"]
[Round "6"]
[White "Puscasiu, Octavian"]
[Black "Lazar, Iosif"]
[Result "1/2-1/2"]
[WhiteElo "2315"]
[BlackElo "2220"]
[PlyCount "32"]
[EventDate "1997.10.??"]
[EventType "team-tourn"]
[EventRounds "7"]
[EventCountry "ROU"]
[SourceTitle "EXT 2000"]
[Source "ChessBase"]
[SourceDate "1999.11.16"]
[SourceVersion "1"]
[SourceVersionDate "1999.11.16"]
[SourceQuality "1"]

1. c4 c5 2. Nf3 Nc6 3. d4 cxd4 4. Nxd4 g6 5. e4 Bg7 6. Nc2 Nf6 7. Nc3 d6 8. Be2 Be6 9. 0-0 Nd7 10. Bd2 0-0 11. Qc1 Nd4 12. Nxd4 Bxd4 13. Nb5 Bg7 14. Bc3 Nc5 15. Bxg7 Kxg7 16. Qe3 f6 1/2-1/2

[Event "ROM-chT"]
[Site "Romania"]
[Date "1993.??.??"]
[Round "6"]
[White "Lazar, Iosif"]
[Black "Marin, Mihail"]
[Result "0-1"]
[WhiteElo "2300"]
[BlackElo "2515"]
[PlyCount "83"]
[EventDate "1993.??.??"]
[EventType "team"]
[EventRounds "9"]
[EventCountry "ROU"]
[SourceTitle "EXT 1998"]
[Source "ChessBase"]
[SourceDate "1997.11.17"]
[SourceVersion "1"]
[SourceVersionDate "1997.11.17"]
[SourceQuality "1"]

1. e4 c5 2. Nf3 e6 3. d4 cxd4 4. Nxd4 a6 5. Be2 Nf6 6. Qd3 Qc7 7. 0-0 d6 8. c4 Nbd7 9. Nc3 b6 10. f4 Bb7 11. Nb3 Be7 12. Be3 0-0 13. a4 Nc5 14. Nxc5 bxc5 15. Bf3 Nd7 16. Rad1 Rad8 17. Rd2 Nb8 18. Bd1 Nc6 19. Na2 Bf6 20. Bc2 g6 21. Bb1 Bg7 22. f5 Qe7 23. Rdf2 exf5 24. exf5 Rde8 25. fxg6 hxg6 26. Bd2 Ne5 27. Qg3 Nxc4 28. Bc3 Qe3 29. Qxe3 Nxe3 30. Re1 d5 31. Bxg7 Kxg7 32. Bd3 c4 33. Rfe2 cxd3 34. Rxe3 d2 35. Rxe8 Rxe8 36. Rf1 Re1 37. Nc3 d4 38. Nd1 Bc6 39. Kf2 Rxf1+ 40. Kxf1 Bxa4 41. Ke2 Bxd1+ 42. Kxd1 0-1